Logo

Description automatically generated
विद्यार्जन
 संसाधन केंद्र, भारतीय प्रौद्योगिकी संस्थान इन्दौर
Learning Resource Center, Indian Institute of Technology Indore

ऑनलाइन सार्वजनिक अभिगम प्रसूची
Online Public Access Catalogue (OPAC)

The man towards the Moksha (Record no. 53158)

MARC details
000 -LEADER
fixed length control field 00550nam a22002057a 4500
005 - DATE AND TIME OF LATEST TRANSACTION
control field 20260429145016.0
008 - FIXED-LENGTH DATA ELEMENTS--GENERAL INFORMATION
fixed length control field 260429b |||||||| |||| 00| 0 eng d
020 ## - INTERNATIONAL STANDARD BOOK NUMBER
International Standard Book Number 9789371391054
Qualifying information pbk
082 ## - DEWEY DECIMAL CLASSIFICATION NUMBER
Classification number 294.5921
Item number PRA
100 ## - MAIN ENTRY--PERSONAL NAME
Personal name Prakash, Shakti
245 ## - TITLE STATEMENT
Title The man towards the Moksha
260 ## - PUBLICATION, DISTRIBUTION, ETC.
Place of publication, distribution, etc. New Delhi
Name of publisher, distributor, etc. Bluerose Publishers
Date of publication, distribution, etc. 2022
300 ## - PHYSICAL DESCRIPTION
Extent 99p. ; 20cm.
653 ## - INDEX TERM--UNCONTROLLED
Uncontrolled term Religious fiction
653 ## - INDEX TERM--UNCONTROLLED
Uncontrolled term Novel
653 ## - INDEX TERM--UNCONTROLLED
Uncontrolled term Mortal Soul
653 ## - INDEX TERM--UNCONTROLLED
Uncontrolled term Ancient Indian Philosophy
700 ## - ADDED ENTRY--PERSONAL NAME
Personal name Rana, Amrita [ill.]
942 ## - ADDED ENTRY ELEMENTS (KOHA)
Source of classification or shelving scheme Dewey Decimal Classification
Koha item type Book
Holdings
Withdrawn status Lost status Source of classification or shelving scheme Damaged status Not for loan Home library Current library Shelving location Date acquired Source of acquisition Total Checkouts Full call number Barcode Date last seen Price effective from Koha item type
    Dewey Decimal Classification     LRC, IIT Indore LRC, IIT Indore 2nd Floor - General Stack 09/04/2026 PO_2025-26_PO-103 ,Vendor: Arvind Prakashan, Udaipur ; Inv. No.: INV-25-B-349, dt.02.03.2026 ; Price: INR 225.00   294.5921 PRA 38801 29/04/2026 29/04/2026 Book
Copyright © 2024, 2021, 2017 Indian Institute of Technology Indore. All Rights Reserved.
Managed & maintained by Learning Resource Center, IIT Indore